000 00516nam a2200169 i 4500
001 58245
003 ES-MaACL
005 20230906163746.0
007 t|
008 031021m19691972sp ||||1| spa d
100 1 _aDuquoc, Christian.
_946164
245 1 0 _aCristología
_b: ensayo dogmático /
_cChristian Duquoc ; [tradujo Alfonso Ortiz García].
260 _aSalamanca :
_bSígueme,
_c1969-72.
300 _a2 v. ;
_c19 cm.
700 1 _aOrtiz García, Alfonso.
_987618
852 _aES-MaACL
_jC-54955-6
_bR.69217
999 _c58245
_d58245